000 01024nam a2200325Ia 4500
003 OSt
005 20220912145027.0
006 a|||||r|||| 00| 0
007 ta
008 220909b |||||||| |||| 00| 0 eng d
020 _a9781405186469 (hbd)
024 _a109274
037 _b2920, 08/07/2010, New India Book Agency
037 _cTextbook
040 _aCSL
_beng
_cCSL
041 _aeng
082 _aH6, P9 TH
100 _aBenton Michael J
245 0 _aIntroduction to paleobiology and the fossil record
260 _aNew Jersey
_bWiley-Blackwell
_c2009
300 _ax, 592p.
_ccm.
500 _aIncludes bibliographical references.; Appendices 1-2, 554-575p.; Index 576-592p.
650 _a Evolutionary paleobiology
650 _a Paleobiology
650 _a Paleontology
650 _aGeology
700 _a Harper David A T
942 _hH6, P9 TH
_cTB
_2CC
999 _c21250
_d21250